Lego Star Wars: The Complete Saga Levels - Statistics

General Stats
  • This quiz has been taken 306 times
  • The average score is 26 of 42
Answer Stats
ID Answer % Correct
1-1 Negotiations
90%
1-6 Darth Maul
86%
1-4 Mos Espa Podrace
86%
BR1 Podrace (Orignal)
86%
1-3 Escape from Naboo
85%
3-6 Darth Vader
83%
1-2 Invasion of Naboo
82%
2-6 Count Dooku
81%
3-3 General Grievous
78%
2-2 Discovery on Kamino
74%
2-3 Droid Factory
73%
1-5 Retake Theed Palace
72%
5-1 Hoth Battle
71%
6-1 Jabba's Palace
69%
3-1 Battle Over Coruscant
66%
2-5 Gunship Cavalry
65%
BR3 Gunship Cavalry (Original)
65%
5-6 Betrayal Over Bespin
64%
5-4 Dagobah
64%
6-4 The Battle of Endor
64%
2-4 Jedi Battle
63%
2-1 Bounty Hunter Pursuit
58%
3-4 Defense of Kashyyyk
58%
BR5 LEGO City
57%
4-2 Through the Jundland Wastes
56%
4-1 Secret Plans
55%
3-2 Chancellor in Peril
54%
BR4 A New Hope
52%
5-2 Escape from Echo Base
51%
4-4 Rescue the Princess
50%
4-5 Death Star Escape
49%
6-5 Jedi Destiny
49%
4-3 Mos Eisley Spaceport
49%
6-6 Into the Death Star
47%
3-5 Ruin of the Jedi
47%
BR2 Anakin's Flight
46%
6-3 Speeder Showdown
44%
5-3 Falcon Flight
43%
5-5 Cloud City Trap
42%
6-2 The Great Pit of Carkoon
42%
BR6 New Town
40%
4-6 Rebel Attack
37%
No matching quizzes found
Score Distribution
Percent of People with Each Score
Percentile by Number Answered
Your Score History
You have not taken this quiz